Learning Microsoft Word 2010 / (رقم التسجيلة. 22543)

تفاصيل مارك
000 -الفاتح
حقل البيانات ثابتة الطول 01484nam a22003255a 4500
001 - رقم الضبط
رقم الضبط 16905646
003 - محدد رقم الضبط
رقم الضبط OSt
005 - وقت وتاريخ اخر تعامل مع التسجيلة
رقم الضبط 20150408114028.0
008 - عناصر البيانات ثابتة الطول - معلومات عامة
حقل البيانات ثابتة الطول 110805s2012 njua 001 0 eng
010 ## - رقم ضبط مكتبة الكونجرس
رقم ضبط مكتبة الكونجرس 2011453942
020 ## - الرقم الدولى المعيارى للكتب
الرقم الدولى المعيارى للكتاب 9780135112267
020 ## - الرقم الدولى المعيارى للكتب
الرقم الدولى المعيارى للكتاب 0135112265
035 ## - رقم ضبط النظام
رقم ضبط النظام (OCoLC)ocn730255548
040 ## - مصدر الفهرسة
وكالة الفهرسة الأصلية NHA
وكالة النسخ NHA
وكالة التعديل DLC
042 ## - رمز التحقق
رمز التحقق lccopycat
082 ## - رقم تصنيف ديوى العشرى
رقم الطبعة 21
100 1# - المدخل الرئيسى - إسم شخصى
الإسم الشخصى Weixel, Suzanne.
9 (RLIN) 12262
245 10 - بيان العنوان
العنوان Learning Microsoft Word 2010 /
بيان المسئوليه,etc Suzanne Weixel, Faithe Wempen
260 ## - PUBLICATION, DISTRIBUTION, ETC. (IMPRINT)
مكان الناشر او الموزع Upper Saddle River, N.J. :
اسم الناشر او الموزع Pearson/Prentice Hall,
تاريخ النشر أو التوزيع c2012.
300 ## - الوصف المادى
التعداد vi, 613 p. :
تفاصيل ماديه اخرى للوعاء ill. ;
أبعاد الوعاء 28 cm. +
المادة المصاحبة 1 CD-ROM (4 3/4 in.)
500 ## - تبصرة عامة
تبصرة عامة "CD-ROM includes complete data files for projects, Microsoft Office basic chapter, and Microsoft Office glossary"--P.1 of cover.
500 ## - تبصرة عامة
تبصرة عامة Title on CD-ROM: Student data files.
500 ## - تبصرة عامة
تبصرة عامة Includes index.
505 0# - تبصرة محتويات-الفهرس
تبصرة المحتويات المصاغة Getting started with Microsoft Word 2010 -- Editing documents and working with tables -- Creating reports and newsletters -- Learning more about merge, exploring the World Wide Web -- Using advanced lists and charts -- Using reusable content and markup tools -- Using advanced tables and graphics -- Protecting documents and forms -- Working with long documents -- Embedding and linking objects and using macros.
630 00 - المدخل الاضافى بالموضوع - عنوان موحد
عنوان موحد Microsoft Word.
9 (RLIN) 4250
650 #0 - المدخل الاضافى بالموضوع-مصطلح موضوعى
مصطلح موضوعي أو اسم جغرافي كعنصر مدخل Word processing.
700 1# - المدخل الاضافى - اسم شخصى
الإسم الشخصى Wempen, Faithe.
9 (RLIN) 12263
942 ## - عناصر المدخل الإضافي( كوها)
مصدر التصنيف او مخطط الترفيف Dewey Decimal Classification
Koha [default] item type كتاب
المقتنيات
حالة الفقد نموذج السعر الفعال حالة تلف ليس للاعارة رقم الطلب تاريخ الاكتساب الموقع الحالي الباركود الفرع الرئيسي Date last seen نوع المادة فى نظام كوها مصدر التصنيف او خطة الترفيف Total Checkouts
  2013-03-10     005.52 W S L 2012-04-29 المكتبة المركزية بالمجمعة (CL) 00085652 المكتبة المركزية بالمجمعة (CL) 2013-03-10 كتاب Dewey Decimal Classification  
  2013-03-10     005.52 W S L 2012-04-29 المكتبة المركزية بالمجمعة (CL) 00085653 المكتبة المركزية بالمجمعة (CL) 2013-03-10 كتاب Dewey Decimal Classification  
  2013-03-10     005.52 W S L 2012-05-31 قسم الاجراءات الفنية (IC) 00087907 قسم الاجراءات الفنية (IC) 2013-03-10 كتاب Dewey Decimal Classification  
  2013-03-10     005.52 W S L 2012-05-31 قسم الاجراءات الفنية (IC) 00087908 قسم الاجراءات الفنية (IC) 2013-03-10 كتاب Dewey Decimal Classification  
  2013-03-10     005.52 W S L 2012-05-31 قسم الاجراءات الفنية (IC) 00087909 قسم الاجراءات الفنية (IC) 2013-03-10 كتاب Dewey Decimal Classification  
  2013-03-10     005.52 W S L 2012-05-31 قسم الاجراءات الفنية (IC) 00087910 قسم الاجراءات الفنية (IC) 2013-03-10 كتاب Dewey Decimal Classification  
  2013-03-10     005.52 W S L 2012-06-01 مكتبة كلية التربية بالزلفى - طالبات (EZF) 00087536 مكتبة كلية التربية بالزلفى - طالبات (EZF) 2013-03-10 كتاب Dewey Decimal Classification  
  2013-03-10     005.52 W S L 2012-06-01 مكتبة كلية التربية بالزلفى - طالبات (EZF) 00087537 مكتبة كلية التربية بالزلفى - طالبات (EZF) 2013-03-10 كتاب Dewey Decimal Classification  
  2013-03-10     005.52 W S L 2012-05-20 مكتبة مجمع الطالبات بالمجمعة (EMF) 00087642 مكتبة مجمع الطالبات بالمجمعة (EMF) 2013-03-10 كتاب Dewey Decimal Classification  
  2013-03-10     005.52 W S L 2012-05-20 مكتبة مجمع الطالبات بالمجمعة (EMF) 00087643 مكتبة مجمع الطالبات بالمجمعة (EMF) 2013-03-10 كتاب Dewey Decimal Classification  
  2013-03-10     005.52 W S L 2012-06-01 مكتبة مجمع الكليات بالزلفى - طلاب (SZM) 00087879 مكتبة مجمع الكليات بالزلفى - طلاب (SZM) 2013-03-10 كتاب Dewey Decimal Classification  
  2013-03-10     005.52 W S L 2012-06-01 مكتبة مجمع الكليات بالزلفى - طلاب (SZM) 00087880 مكتبة مجمع الكليات بالزلفى - طلاب (SZM) 2013-03-10 كتاب Dewey Decimal Classification